Factors affecting career choice of fourth-year high school students of Las Piñas City East National High School, Talon Village Annex (LPENHS-TVA) / (Record no. 283742)
[ view plain ]
| 000 -LEADER | |
|---|---|
| fixed length control field | 00676nam a22001697a 4500 |
| 003 - CONTROL NUMBER IDENTIFIER | |
| control field | PILC |
| 005 - DATE AND TIME OF LATEST TRANSACTION | |
| control field | 20150306150647.0 |
| 008 - FIXED-LENGTH DATA ELEMENTS--GENERAL INFORMATION | |
| fixed length control field | 150306b xxu||||| |||| 00| 0 eng d |
| 050 ## - LIBRARY OF CONGRESS CALL NUMBER | |
| Classification number | LB 1620.5 |
| Item number | .T915 2015 |
| 100 ## - MAIN ENTRY--PERSONAL NAME | |
| Personal name | Tugaff, Russel Joy G. |
| 245 ## - TITLE STATEMENT | |
| Title | Factors affecting career choice of fourth-year high school students of Las Piñas City East National High School, Talon Village Annex (LPENHS-TVA) / |
| Statement of responsibility, etc | Russel Joy G. Tugaff. |
| 260 ## - PUBLICATION, DISTRIBUTION, ETC. (IMPRINT) | |
| Place of publication, distribution, etc | Las Piñas City, Philippines : |
| Name of publisher, distributor, etc | Southville International School and Colleges, |
| Date of publication, distribution, etc | c2015. |
| 300 ## - PHYSICAL DESCRIPTION | |
| Extent | 146 pages : |
| Other physical details | illustrations ; |
| Dimensions | 28 cm. |
| 521 ## - TARGET AUDIENCE NOTE | |
| Target audience note | Business Administration |
| 650 ## - SUBJECT ADDED ENTRY--TOPICAL TERM | |
| Topical term or geographic name as entry element | Vocational guidance. |
| 942 ## - ADDED ENTRY ELEMENTS (KOHA) | |
| Source of classification or shelving scheme | Library of Congress Classification |
| Koha item type | Theses |
| Withdrawn status | Lost status | Source of classification or shelving scheme | Damaged status | Home library | Current library | Shelving location | Date acquired | Source of acquisition | Sub Shelving location | Total Checkouts | Full call number | Barcode | Date last seen | Price effective from | Koha item type |
|---|---|---|---|---|---|---|---|---|---|---|---|---|---|---|---|
| Library of Congress Classification | College Library | College Library | Theses Section | 03/06/2015 | Library Fund | LB 1620.5 .T915 2015 | T0730 | 05/15/2018 | 03/06/2015 | Theses |